[Event "FRA-ch Juniors op"]
[Site "Aix les Bains"]
[Date "2009.04.20"]
[Round "2"]
[White "Clowez, Juliette"]
[Black "Brandt, Anatole"]
[Result "0-1"]
[WhiteElo "1540"]
[BlackElo "1773"]
[PlyCount "123"]
[EventDate "2009.04.19"]
[EventType "swiss"]
[EventRounds "9"]
[EventCountry "FRA"]
[SourceTitle "CBM 130 Extra"]
[Source "ChessBase"]
[SourceDate "2009.07.02"]
[SourceVersion "2"]
[SourceVersionDate "2009.07.15"]
[SourceQuality "1"]

1. e4 c5 2. Nf3 Nc6 3. d4 cxd4 4. Nxd4 g6 5. Nc3 Bg7 6. Be3 Nf6 7. Bc4 Qa5 8. 0-0 0-0 9. Re1 d6 10. h3 Bd7 11. Qd3 Ne5 12. Qe2 Nxc4 13. Qxc4 Rac8 14. Qd3 Qb4 15. Rab1 a6 16. a3 Qc4 17. Qxc4 Rxc4 18. Rbd1 Rfc8 19. Bg5 h6 20. Be3 Ba4 21. Nxa4 Rxa4 22. c3 Nxe4 23. Bxh6 Nxc3 24. bxc3 Bxh6 25. Rxe7 Rxa3 26. Rxb7 Raxc3 27. Ne2 R3c6 28. Rd7 Bf8 29. Nf4 R6c7 30. Rxc7 Rxc7 31. Nd5 Rc6 32. Nb4 Rb6 33. Nd5 Rb7 34. Nf6+ Kg7 35. Ne8+ Kg8 36. Nf6+ Kh8 37. Rd4 Rb8 38. Ra4 Ra8 39. Rc4 Kg7 40. Nd7 a5 41. Ra4 Be7 42. Nb6 Ra6 43. Nd5 Kf8 44. Kf1 f5 45. Ke2 Bd8 46. Ke3 Kf7 47. g4 Ke6 48. Kd4 g5 49. f4 fxg4 50. hxg4 gxf4 51. Nxf4+ Kd7 52. Kd5 Rc6 53. Ne6 Rc1 54. Nxd8 Rc5+ 55. Ke4 Kxd8 56. Rd4 Ke7 57. Kf4 Ke6 58. g5 Rf5+ 59. Kg4 Ke5 60. Rxd6 Rxg5+ 61. Kxg5 Kxd6 62. Kf4 0-1